000 00654nam a2200229Ia 4500
003 OSt
005 20221007075710.0
006 a|||||r|||| 00| 0
007 ta
008 221006b |||||||| |||| 00| 0 eng d
024 _a11,800
037 _cTextual
040 _aFLL
_cFLL
_beng
041 _2eng
_aeng
082 _aV2:12.N70-N5, L8
100 _aRath Sharda Au.
_9694146
245 0 _aCentre-state relations in the field of social services
_b1950-70
260 _aNew Delhi
_bOriental pub. India
_c1978
300 _a356p
_ccm.
942 _hV2:12.N70-N5, L8
_cTEXL
_2CC
999 _c1157055
_d1157055